Countries of the World Reversed - Statistics

General Stats
  • This quiz has been taken 219 times
  • The average score is 64 of 196
Answer Stats
ANSWER % Correct
aissuR
64%
ecnarF
62%
ylatI
60%
adanaC
58%
lizarB
56%
napaJ
56%
ureP
56%
ynamreG
56%
aidnI
53%
anihC
53%
elihC
53%
niapS
53%
dnalniF
51%
dnaloP
51%
eceerG
51%
ijiF
51%
namO
51%
yawroN
51%
ainevolS
49%
airegiN
49%
airtsuA
49%
aivtaL
49%
atlaM
49%
dnalecI
49%
dnalerI
49%
ilaM
49%
kramneD
49%
regiN
49%
suraleB
49%
uruaN
49%
abuC
47%
aibreS
47%
muigleB
47%
soaL
47%
tpygE
47%
yekruT
47%
agnoT
44%
aikavolS
44%
ainotsE
44%
anitnegrA
44%
aomaS
44%
lagutroP
44%
learsI
44%
narI
44%
nedewS
44%
ocixeM
44%
qarI
44%
ualaP
44%
aibmoloC
42%
ailartsuA
42%
ainablA
42%
aitaorC
42%
lapeN
42%
nemeY
42%
tiawuK
42%
ulavuT
42%
ainauhtiL
40%
airagluB
40%
anayuG
40%
arrodnA
40%
ogoT
40%
rataQ
40%
sdnalrehteN
40%
ainemrA
38%
amanaP
38%
anahG
38%
emaniruS
38%
nadroJ
38%
naduS
38%
nineB
38%
surpyC
38%
yaugaraP
38%
yragnuH
38%
aigroeG
36%
alognA
36%
aybiL
36%
ayneK
36%
dahC
36%
itabiriK
36%
natsikaP
36%
natuhB
36%
nobaG
36%
ocanoM
36%
oniraM naS
36%
rodaucE
36%
yaugurU
36%
aeniuG
33%
aibmaG
33%
ainamoR
33%
airyS
33%
aisyalaM
33%
aiviloB
33%
aknaL irS
33%
aleuzeneV
33%
dnalreztiwS
33%
eniarkU
33%
manteiV
33%
nawiaT
33%
ovosoK
33%
aeroK htuoS
31%
aibmaZ
31%
ainodecaM
31%
aireglA
31%
avodloM
31%
dnalaeZ weN
31%
dnaliahT
31%
gruobmexuL
31%
ienurB
31%
itiaH
31%
modgniK detinU
31%
niarhaB
31%
occoroM
31%
ytiC nacitaV
31%
acinimoD
29%
aeroK htroN
29%
aibimaN
29%
ailamoS
29%
ezileB
29%
iwalaM
29%
lageneS
29%
nietsnethceiL
29%
samahaB
29%
aciR atsoC
27%
aidobmaC
27%
ailognoM
27%
aisenodnI
27%
aisinuT
27%
amruB
27%
idnuruB
27%
nonabeL
27%
nooremaC
27%
ohtoseL
27%
soromoC
27%
adanerG
24%
ainatiruaM
24%
ainaznaT
24%
alametauG
24%
cilbupeR hcezC
24%
naduS htuoS
24%
natsinahgfA
24%
orgenetnoM
24%
romiT tsaE
24%
sdnalsI llahsraM
24%
sdnalsI nomoloS
24%
sodabraB
24%
acirfA htuoS
22%
adnagU
22%
adnawR
22%
aeniuG weN aupaP
22%
aipoihtE
22%
anawstoB
22%
augaraciN
22%
eropagniS
22%
natsikebzU
22%
sarudnoH
22%
sellehcyeS
22%
sevidlaM
22%
uassiB-aeniuG
22%
utaunaV
22%
aciamaJ
20%
airebiL
20%
ewbabmiZ
20%
racsagadaM
20%
rodavlaS lE
20%
setatS detinU
20%
aertirE
18%
dnalizawS
18%
edreV epaC
18%
natshkazaK
18%
cilbupeR nacinimoD
16%
enoeL arreiS
16%
euqibmazoM
16%
hsedalgnaB
16%
ituobijD
16%
najiabrezA
16%
natsinemkruT
16%
suitiruaM
16%
aibarA iduaS
13%
natszygryK
13%
osaF anikruB
13%
senidanerG eht dna tnecniV tniaS
13%
senippilihP
13%
adubraB dna augitnA
11%
aicuL tniaS
11%
aisenorciM fo setatS detaredeF
11%
anivogezreH dna ainsoB
11%
natsikijaT
11%
ogaboT dna dadinirT
11%
siveN dna sttiK tniaS
11%
eriovI'd etoC
9%
aeniuG lairotauqE
7%
epicnírP dna émoT oãS
7%
setarimE barA detinU
7%
cilbupeR nacirfA lartneC
4%
ognoC eht fo cilbupeR
2%
ognoC eht fo cilbupeR citarcomeD
2%
No matching quizzes found
Score Distribution
Percent of People with Each Score
Percentile by Number Answered
Your Score History
You have not taken this quiz